000 00218 a2200097 4500
001 2728
100 _aClark, J.B.
245 _aPhysical and mathematical tables
260 _a
_bOliver and Boyd
_c
090 _c2024
_d2024
942 _aNUST-CAE
_cM
_c11381
999 _c237801
_d237801